[Event "Reykjavik op"]
[Site "Reykjavik"]
[Date "2023.04.01"]
[Round "6"]
[White "Boschmann, Alexander"]
[Black "O'Gorman, Tom"]
[Result "0-1"]
[WhiteElo "1779"]
[BlackElo "2357"]
[PlyCount "76"]
[EventDate "2023.03.29"]
[EventType "swiss"]
[EventRounds "9"]
[EventCountry "ISL"]
[SourceTitle "CBM 213 Extra"]
[Source "ChessBase"]
[SourceDate "2023.05.31"]
[SourceVersion "1"]
[SourceVersionDate "2023.05.31"]
[SourceQuality "1"]

1. d4 Nf6 2. c4 g6 3. Nc3 d5 4. cxd5 Nxd5 5. e4 Nxc3 6. bxc3 Bg7 7. Nf3 c5 8. Bc4 0-0 9. 0-0 cxd4 10. cxd4 Nc6 11. Be3 Bg4 12. e5 Rc8 13. Be2 Qd5 14. h3 Bf5 15. Qd2 Na5 16. Qb4 Nc4 17. Bg5 e6 18. Be7 Rfe8 19. Rac1 Nb6 20. Bb5 Rxc1 21. Rxc1 Rc8 22. Rxc8+ Nxc8 23. Bc4 Qc6 24. Bg5 h6 25. Bb5 Qc2 26. Bf6 Be4 27. Nd2 Bd5 28. Bc4 Bf8 29. Qb3 Qc1+ 30. Kh2 Qxd2 31. Bxd5 exd5 32. Qxd5 Ne7 33. Qd7 Nc6 34. d5 Qf4+ 35. Kg1 Nxe5 36. Qd8 Nd3 37. Be7 Qxf2+ 38. Kh1 Qe1+ 0-1

[Event "Reykjavik op"]
[Site "Reykjavik"]
[Date "2023.03.30"]
[Round "2"]
[White "Boschmann, Alexander"]
[Black "Vemparala, Nikash"]
[Result "0-1"]
[WhiteElo "1779"]
[BlackElo "2100"]
[PlyCount "74"]
[EventDate "2023.03.29"]
[EventType "swiss"]
[EventRounds "9"]
[EventCountry "ISL"]
[SourceTitle "CBM 213 Extra"]
[Source "ChessBase"]
[SourceDate "2023.05.31"]
[SourceVersion "1"]
[SourceVersionDate "2023.05.31"]
[SourceQuality "1"]

1. d4 d5 2. c4 c6 3. Nf3 Nf6 4. Nc3 e6 5. Bg5 Nbd7 6. e3 Be7 7. Qc2 0-0 8. Bd3 h6 9. Bh4 b6 10. 0-0 Bb7 11. Rac1 c5 12. cxd5 Nxd5 13. Bxe7 Qxe7 14. Nxd5 Bxd5 15. Be4 Rac8 16. Bxd5 exd5 17. Qa4 Nf6 18. Rfd1 Rfd8 19. dxc5 bxc5 20. Qa6 Rc7 21. Rc2 Ne4 22. Nd2 Rcd7 23. Qa5 d4 24. Nxe4 Qxe4 25. Qxc5 dxe3 26. Rxd7 Rxd7 27. Qc8+ Kh7 28. Qxd7 Qxc2 29. fxe3 Qc1+ 30. Kf2 Qxb2+ 31. Kf3 Qxa2 32. h4 h5 33. g4 hxg4+ 34. Qxg4 Qd5+ 35. e4 Qd1+ 36. Kf4 Qxg4+ 37. Kxg4 a5 0-1

[Event "Pardubice Kraj op-G"]
[Site "Pardubice"]
[Date "2020.09.23"]
[Round "1"]
[White "Boschmann, Alexander"]
[Black "Laznicka, Viktor"]
[Result "0-1"]
[WhiteElo "1792"]
[BlackElo "2658"]
[PlyCount "80"]
[EventDate "2020.09.23"]
[EventType "swiss (rapid)"]
[EventRounds "9"]
[EventCountry "CZE"]
[SourceTitle "CBM 198 Extra"]
[Source "ChessBase"]
[SourceDate "2020.11.30"]
[SourceVersion "1"]
[SourceVersionDate "2020.11.30"]
[SourceQuality "1"]

1. d4 f5 2. c4 Nf6 3. Nf3 g6 4. Nc3 Bg7 5. Qc2 0-0 6. e4 fxe4 7. Nxe4 Nxe4 8. Qxe4 c6 9. Bg5 Qa5+ 10. Bd2 Qb6 11. Bc3 c5 12. 0-0-0 cxd4 13. Bxd4 Bxd4 14. Qxd4 Qxd4 15. Rxd4 Nc6 16. Rd2 d6 17. Bd3 Nb4 18. Bb1 Bg4 19. a3 Bxf3 20. gxf3 Nc6 21. Be4 Rac8 22. Kb1 Rc7 23. h4 Ne5 24. Bd5+ Kh8 25. h5 g5 26. h6 Nxf3 27. Rd3 Ne5 28. Rg3 g4 29. f3 gxf3 30. Rhg1 Rcc8 31. Rg7 f2 32. Rf1 Nxc4 33. Bxc4 Rxc4 34. Rxe7 Rg4 35. Rc7 Rg1 36. Rcc1 Rxf1 37. Rxf1 Rf6 38. Kc2 Kg8 39. Kd2 Kf7 40. Ke3 Kg6 0-1

[Event "GER-ch Net blitz qual3"]
[Site "Playchess.com INT"]
[Date "2020.03.21"]
[Round "3"]
[White "Boschmann, Alexander"]
[Black "Schaller, Torsten"]
[Result "1/2-1/2"]
[WhiteElo "1792"]
[BlackElo "2025"]
[PlyCount "125"]
[EventDate "2020.03.21"]
[EventType "swiss (blitz)"]
[EventRounds "9"]
[EventCountry "GER"]
[SourceTitle "CBM 195 Extra"]
[Source "ChessBase"]
[SourceDate "2020.05.31"]
[SourceVersion "1"]
[SourceVersionDate "2020.05.31"]
[SourceQuality "1"]

1. d4 Nf6 2. c4 c5 3. Nf3 cxd4 4. Nxd4 e5 5. Nb5 d5 6. cxd5 Bc5 7. e3 0-0 8. Bc4 a6 9. N5c3 b5 10. Bb3 e4 11. 0-0 Nbd7 12. Nd2 Re8 13. Bc2 Bb7 14. Ndxe4 Bb4 15. a4 Ne5 16. axb5 Qc7 17. bxa6 Bxa6 18. Re1 Nxe4 19. Bxe4 Bxc3 20. bxc3 Qxc3 21. Ra3 Qc4 22. Ra4 Qb5 23. d6 Rad8 24. Bb2 Nc4 25. Bc3 Rxd6 26. Qc2 g6 27. Rb4 Qd7 28. Bf3 Ne5 29. Bxe5 Rxe5 30. Qc3 f6 31. Bg4 Qc6 32. Qb3+ Kg7 33. Rb8 Re8 34. Rxe8 Qxe8 35. h3 Qe7 36. Bf3 Bc8 37. Rb1 Be6 38. Qb2 Kf7 39. e4 Qd7 40. e5 fxe5 41. Qxe5 Bf5 42. Rf1 Qe6 43. Qxe6+ Bxe6 44. Re1 Kf6 45. g3 Bxh3 46. Kh2 Bf5 47. Re2 Rd4 48. Kg2 h5 49. Ra2 Rd6 50. Re2 Be6 51. Rb2 Rd3 52. Re2 Rxf3 53. Kxf3 Bg4+ 54. Ke3 Bxe2 55. Kxe2 Kf5 56. Kf3 g5 57. Kg2 Kg4 58. f3+ Kf5 59. Kh3 Ke5 60. f4+ gxf4 61. gxf4+ Kxf4 62. Kh4 Kf5 63. Kxh5 1/2-1/2

[Event "GER-ch Net blitz qual2"]
[Site "Playchess.com INT"]
[Date "2020.03.16"]
[Round "6"]
[White "Boschmann, Alexander"]
[Black "Kemper, Jannick"]
[Result "0-1"]
[WhiteElo "1792"]
[BlackElo "1531"]
[PlyCount "80"]
[EventDate "2020.03.16"]
[EventType "swiss (blitz)"]
[EventRounds "9"]
[EventCountry "GER"]
[SourceTitle "CBM 195 Extra"]
[Source "ChessBase"]
[SourceDate "2020.05.31"]
[SourceVersion "1"]
[SourceVersionDate "2020.05.31"]
[SourceQuality "1"]

1. d4 Nf6 2. c4 g6 3. Nc3 Bg7 4. e4 d6 5. f3 0-0 6. Be3 c5 7. dxc5 dxc5 8. Qxd8 Rxd8 9. Bxc5 Be6 10. Nd5 Nc6 11. Ba3 Nd7 12. Ne2 Nb6 13. Nc7 Rac8 14. Nxe6 fxe6 15. Rc1 Ne5 16. Nf4 Nbxc4 17. Nxe6 Nxa3 18. Rxc8 Rxc8 19. bxa3 Rc1+ 20. Kd2 Ra1 21. Nxg7 Kxg7 22. Kc3 Rxa2 23. Kb3 Ra1 24. f4 Ng4 25. Kb2 Rd1 26. g3 Ne3 27. Bg2 Rd2+ 28. Kc3 Rxg2 29. Kd3 Ng4 30. Rb1 Nxh2 31. Rxb7 Rxg3+ 32. Kd4 Rxa3 33. Rxe7+ Kh6 34. e5 Ng4 35. Rb7 Ra4+ 36. Kd5 Rxf4 37. Rc7 Rf5 38. Re7 Rxe5+ 39. Rxe5 Nxe5 40. Kxe5 a5 0-1

[Event "GER-ch Net blitz qual2"]
[Site "Playchess.com INT"]
[Date "2020.03.16"]
[Round "8"]
[White "Boschmann, Alexander"]
[Black "Tropf, Peter"]
[Result "1-0"]
[WhiteElo "1792"]
[BlackElo "1183"]
[PlyCount "21"]
[EventDate "2020.03.16"]
[EventType "swiss (blitz)"]
[EventRounds "9"]
[EventCountry "GER"]
[SourceTitle "CBM 195 Extra"]
[Source "ChessBase"]
[SourceDate "2020.05.31"]
[SourceVersion "1"]
[SourceVersionDate "2020.05.31"]
[SourceQuality "1"]

1. d4 d5 2. c4 c6 3. Nf3 Nf6 4. Nc3 dxc4 5. e4 b5 6. a4 a6 7. axb5 cxb5 8. Nxb5 Nxe4 9. Bxc4 Bb7 10. Nc3 Nc6 11. Nxe4 1-0

[Event "GER-ch Net blitz qual1"]
[Site "Playchess.com INT"]
[Date "2020.03.07"]
[Round "3"]
[White "Boschmann, Alexander"]
[Black "Stierhof, Michael"]
[Result "0-1"]
[WhiteElo "1792"]
[BlackElo "1547"]
[PlyCount "56"]
[EventDate "2020.03.07"]
[EventType "swiss (blitz)"]
[EventRounds "9"]
[EventCountry "GER"]
[SourceTitle "CBM 195 Extra"]
[Source "ChessBase"]
[SourceDate "2020.05.31"]
[SourceVersion "1"]
[SourceVersionDate "2020.05.31"]
[SourceQuality "1"]

1. d4 Nf6 2. c4 c5 3. Nf3 cxd4 4. Nxd4 b6 5. Nc3 Bb7 6. f3 e6 7. e4 d6 8. Bg5 Be7 9. Bd3 0-0 10. 0-0 Nbd7 11. Rc1 a6 12. Be3 Rc8 13. b3 Qc7 14. Bb1 Qb8 15. Na4 Bd8 16. Nb2 Bc7 17. h3 Rfe8 18. Nd3 d5 19. cxd5 exd5 20. Bg5 dxe4 21. fxe4 Nxe4 22. Qg4 Bh2+ 23. Kh1 Ng3+ 24. Kxh2 Nxf1+ 25. Kg1 Qh2+ 26. Kxf1 Rxc1+ 27. Nxc1 Qh1+ 28. Kf2 Qe1# 0-1

[Event "Pfalz op-B 9th"]
[Site "Neustadt an der Weinstrasse"]
[Date "2018.02.11"]
[Round "5"]
[White "Boschmann, Alexander"]
[Black "Becker, Ralph"]
[Result "0-1"]
[WhiteElo "1815"]
[BlackElo "1728"]
[PlyCount "44"]
[EventDate "2018.02.09"]
[EventType "swiss"]
[EventRounds "7"]
[EventCountry "GER"]
[SourceTitle "CBM 182 Extra"]
[Source "ChessBase"]
[SourceDate "2018.02.23"]
[SourceVersion "1"]
[SourceVersionDate "2018.02.23"]
[SourceQuality "1"]

1. d4 Nf6 2. c4 g6 3. Nc3 Bg7 4. e4 d6 5. h3 0-0 6. Nf3 e5 7. d5 Nbd7 8. Be3 a5 9. Be2 Nc5 10. Bxc5 dxc5 11. Nxe5 Nxe4 12. Nxe4 Bxe5 13. Rb1 Bd4 14. 0-0 Re8 15. Bd3 Bf5 16. Qc2 Qh4 17. Nd2 Bxh3 18. gxh3 Qg3+ 19. Kh1 Qxh3+ 20. Kg1 Re5 21. Ne4 Qg4+ 22. Ng3 Qxg3+ 0-1

[Event "Baden-ch AT1"]
[Site "Oberwinden"]
[Date "2007.04.09"]
[Round "5"]
[White "Matysiak, Tobias"]
[Black "Boschmann, Alexander"]
[Result "1-0"]
[WhiteElo "1502"]
[BlackElo "1285"]
[PlyCount "77"]
[EventDate "2007.04.06"]
[EventType "swiss"]
[EventRounds "11"]
[EventCountry "GER"]
[SourceTitle "CBM 117 Extra"]
[Source "ChessBase"]
[SourceDate "2007.05.09"]
[SourceVersion "1"]
[SourceVersionDate "2007.05.09"]
[SourceQuality "1"]

1. e4 e5 2. Nf3 Nf6 3. Nc3 Nc6 4. Bb5 Nd4 5. d3 Nxb5 6. Nxb5 a6 7. Nc3 d6 8. 0-0 Bg4 9. Bg5 Be7 10. Qe2 h6 11. Bh4 g5 12. Bg3 Qd7 13. h3 Bxh3 14. gxh3 Qxh3 15. Nh2 h5 16. f3 Qxg3+ 17. Qg2 Qxg2+ 18. Kxg2 0-0-0 19. Rh1 Rdg8 20. Kf2 g4 21. fxg4 Nxg4+ 22. Nxg4 hxg4 23. Nd5 Kd7 24. Ne3 g3+ 25. Kg2 Rxh1 26. Rxh1 Bg5 27. Nf5 Bf4 28. Rh3 Ke6 29. Rh1 d5 30. Re1 dxe4 31. dxe4 Rd8 32. Re2 Kf6 33. Kf3 Rd1 34. Nxg3 Bxg3 35. Kxg3 Kg5 36. Rf2 f6 37. Kf3 f5 38. exf5 Kxf5 39. Ke2+ 1-0

[Event "Baden-ch AT1"]
[Site "Oberwinden"]
[Date "2007.04.07"]
[Round "3"]
[White "Reichardt, Bernd"]
[Black "Boschmann, Alexander"]
[Result "1-0"]
[WhiteElo "1533"]
[BlackElo "1285"]
[PlyCount "51"]
[EventDate "2007.04.06"]
[EventType "swiss"]
[EventRounds "11"]
[EventCountry "GER"]
[SourceTitle "CBM 117 Extra"]
[Source "ChessBase"]
[SourceDate "2007.05.09"]
[SourceVersion "1"]
[SourceVersionDate "2007.05.09"]
[SourceQuality "1"]

1. e4 e5 2. f4 Nc6 3. Nf3 Nf6 4. Nc3 Bc5 5. fxe5 Ng4 6. d4 Bb6 7. h3 Nh6 8. Nd5 Ba5+ 9. c3 Ng8 10. Bg5 f6 11. exf6 gxf6 12. Bh4 d6 13. b4 Bb6 14. a4 a6 15. Nxb6 cxb6 16. d5 Nce7 17. Nd4 Qc7 18. Rc1 Bd7 19. Qf3 0-0-0 20. Bf2 Rf8 21. b5 f5 22. bxa6 Nh6 23. a7 fxe4 24. a8Q+ Qb8 25. Qxb8+ Kxb8 26. Qg3 1-0